| 000 | 01038nam0a2200325 4500 | ||
|---|---|---|---|
| 001 | RU\NLR\bibl\422829 | ||
| 005 | 20260406123744.0 | ||
| 010 |
_a5-9500013-1-1 _bВ пер. _92000 |
||
| 021 |
_aRU _b2003-28610 _91338 |
||
| 035 | _a(NLR Aleph) 000416744 | ||
| 090 |
_a669333 _c669333 |
||
| 100 | _a20030717d2003 |||y0rusy50 ca | ||
| 101 | 0 | _arus | |
| 102 | _aRU | ||
| 105 | _aa ||||||||| | ||
| 200 | 1 |
_aИмперия крыс _e[Роман] _fЕ. Крестовский |
|
| 210 |
_aСПб. _cБ.и. _d2003 |
||
| 215 |
_a264, [2] с. _cил. _d22 |
||
| 675 |
_a821.161.1-31Крестовский _v3 _zrus |
||
| 686 |
_a17.82 _2rugasnti |
||
| 686 |
_a84(2Рос-Рус)6-44 _2rubbk |
||
| 686 | _aШ6(2=Р)75-446 | ||
| 700 | 1 |
_4070 _8rus _7ca _aБушков _bА. А. _f1956- _gАлександр Александрович _3RU\NLR\auth\77858 _9110895 |
|
| 801 | 0 |
_aRU _bRKP _c20030717 _gPSBO |
|
| 801 | 1 |
_aRU _bRKP _c20030717 |
|
| 801 | 2 |
_aRU _bNLR _c20030819 _grcr |
|
| 942 | _cBOOK | ||
| 980 | _aNB | ||